Zákon o ochrane osobných údajov s komentárom
Zákon č. 428/2002 Z.z. o ochrane osobných údajov v znení zákona č. 602/2003 Z.z., zákona č. 576/2004 Z.z. a zákona č. 90/2005 Z.z. Základné ustanovenia, Práva, povinnosti a zodpovednosť pri spracúvaní osobných údajov. Úrad na ochranu osobných údajov. Spoločné, prechodné a záverečné ustanovenia.
Salvato in:
| Autore principale: | |
|---|---|
| Natura: | Capitolo di libro |
| Lingua: | slovacco |
| Soggetti: | |
| Tags: |
Nessun Tag, puoi essere il primo ad aggiungerne!!
|
MARC
| LEADER | 00000naa$a2200000$$$4500 | ||
|---|---|---|---|
| 001 | 0029735 | ||
| 005 | 20230919100320.1 | ||
| 041 | 0 | |a slo | |
| 044 | |a SK | ||
| 245 | 1 | 0 | |a Zákon o ochrane osobných údajov s komentárom |c Dušan Dobšovič |
| 520 | |a Zákon č. 428/2002 Z.z. o ochrane osobných údajov v znení zákona č. 602/2003 Z.z., zákona č. 576/2004 Z.z. a zákona č. 90/2005 Z.z. Základné ustanovenia, Práva, povinnosti a zodpovednosť pri spracúvaní osobných údajov. Úrad na ochranu osobných údajov. Spoločné, prechodné a záverečné ustanovenia. | ||
| 610 | 2 | 0 | |a ochrana údajov osobných |
| 610 | 2 | 0 | |a zákony |
| 610 | 2 | 0 | |a Slovensko |
| 610 | 2 | 0 | |a 2002-2005 |
| 100 | 1 | |a Dobšovič, Dušan | |